00450 2200193 4500001002100000005001500021035002000036008004100056245003300097100001500130250000600145260003400151300001100185084001400196082000800210650001400218990001200232990001200244INLIS00000000000015120240502112315 a0010-0424000127240502 0 ind 1 aCuaca dan Iklim /cMuch Azam aAzam, Much a1 aSolo :bTiga Serangkai,c2011 a60 hlm a900 MUC c a900 4aNon Fiksi a0732504 a0732476